00430nam a2200145Ia 450000500170000000800410001708200130005810000180007124500260008926000370011530000120015294200060016495200990017099900150026920250404065210.0240331s9999 xx 000 0 und d bSELa894 aSelvarajan, S 0aOorandankap paadalkal aFrancebRajani Publicationc1992 a95 p ., cL 001040708LaWERCLbWERCLcSSCd2024-03-31l0o 894.811 SELp1671r2024-03-31w2024-03-31yL c3815d3815